Stati degli Stati Uniti in ordine alfabetico - Statistics

Statistiche generali
  • Questo quiz è stato fatto 458 volte
  • Il punteggio medio è 29 su 50
Statistiche sulle risposte
Lettera Stato % Corretto
A Alabama
98%
A Alaska
84%
A Arkansas
82%
F Florida
80%
D Delaware
77%
I Illinois
77%
C California
75%
G Georgia
75%
H Hawaii
75%
A Arizona
74%
K Kansas
74%
K Kentucky
73%
L Louisiana
72%
C Colorado
68%
I Indiana
67%
C Connecticut
66%
I Idaho
66%
I Iowa
66%
M Maine
65%
O Oregon
59%
O Ohio
58%
M Maryland
57%
R Rhode Island
54%
U Utah
54%
M Montana
53%
M Michigan
52%
N Nevada
52%
P Pennsylvania
52%
V Virginia
52%
M Massachusetts
50%
M Minnesota
50%
V Vermont
49%
W Washington
49%
O Oklahoma
48%
T Tennessee
48%
T Texas
48%
M Missouri
47%
M Mississippi
46%
N Nebraska
46%
N New York
46%
W Wyoming
45%
N New Hampshire
44%
N New Jersey
43%
W Wisconsin
42%
N New Mexico
41%
S Sud Dakota
40%
S Sud Carolina
37%
N Nord Carolina
36%
N Nord Dakota
34%
V Virginia dell'ovest
33%
Nessun quiz corrispondente trovato
Distribuzione punteggi
Percentuale di utenti per punteggio
Percentile per numero di risposta
I tuoi punteggi nel tempo
Non hai fatto questo quiz